000 002400000a22000970004500
100 1 _aRodríguez, Manuel
245 1 0 _aEn el camino a Emaus
300 _aVol. 9, Núm 46 (1997), Páginas 12-13
773 0 _tImpacto Presbiteriano
942 _cANA
999 _c51037
_d51037